00609nam a2200193 a 450000100100000000500170001000800410002702000150006804000180008308200150010110000350011624500530015124600210020426000400022530000110026504900090027695201130028599900170039800002130320200930011306.0100903s1994 mx r 000 p spa d a9681905296 aDO-SdBNPbspa axxxbB462p1 aBenedetti, Mariod1920-94451610aPoemas de otros :b1973-1974 /cMario Benedetti.10aPoemas de otros. aMéxico D. F. :bAlfaguara,c1994. a130 p. aBNGR 001050718MOaGRbGRcCTd2010-09-03iLF1l0oxxx B462pp21303-10r2020-06-25w2020-06-25y1ZNo se presta c20803d20803